La France ou le Québec ? - Statistiques

Statistiques générales
  • Ce quiz a été pris 19 980 fois
    19 461 depuis la dernière actualisation
  • Le résultat moyen est 9 sur 15
Statistiques - réponses
Question Réponse % Correct
Qui possède une fleur de lys sur son drapeau Québec
90%
Avec le taux de chômage le plus élevé France
85%
Avec le plus grand pourcentage de locuteurs natifs du portugais France
80%
Qui touche le plus d'océans France
75%
Avec le taux d'obésité le plus élevé Québec
72%
Qui compte le plus de parc nationaux Québec
64%
Qui est le plus grand par la superficie Québec
63%
Qui produit le plus de pommes annuellement France
57%
Qui a déjà été sous domination anglaise Les deux
55%
Où le mot "chocolatine" est utilisé Les deux
52%
Qui consomme le plus d'électricité par habitant Québec
51%
Où Jacques Cartier est mort France
34%
Qui compte le plus d'îles Québec
34%
Dont plus de 15 % des résidents sont nés dans un autre pays Québec
33%
Qui est plus proche de l'île de Terre-Neuve France
25%
Aucun quiz correspondant
Distribution des résultats
% des personnes avec chaque résultat
Percentile par nombre de réponses
Votre historique - résultats
Vous n’avez pas pris ce quiz depuis la dernière actualisation